<?xml version="1.0" encoding="UTF-8"?><?xml-stylesheet type="text/xsl" href="static/style.xsl"?><OAI-PMH xmlns="http://www.openarchives.org/OAI/2.0/" xmlns:xsi="http://www.w3.org/2001/XMLSchema-instance" xsi:schemaLocation="http://www.openarchives.org/OAI/2.0/ http://www.openarchives.org/OAI/2.0/OAI-PMH.xsd"><responseDate>2026-04-14T07:12:09Z</responseDate><request verb="GetRecord" identifier="oai:www.recercat.cat:10459.1/467363" metadataPrefix="marc">https://recercat.cat/oai/request</request><GetRecord><record><header><identifier>oai:recercat.cat:10459.1/467363</identifier><datestamp>2025-09-15T18:10:43Z</datestamp><setSpec>com_2072_3622</setSpec><setSpec>col_2072_479130</setSpec></header><metadata><record xmlns="http://www.loc.gov/MARC21/slim" xmlns:dcterms="http://purl.org/dc/terms/" xmlns:xsi="http://www.w3.org/2001/XMLSchema-instance" xmlns:doc="http://www.lyncode.com/xoai" xsi:schemaLocation="http://www.loc.gov/MARC21/slim http://www.loc.gov/standards/marcxml/schema/MARC21slim.xsd">
   <leader>00925njm 22002777a 4500</leader>
   <datafield ind2=" " ind1=" " tag="042">
      <subfield code="a">dc</subfield>
   </datafield>
   <datafield ind2=" " ind1=" " tag="720">
      <subfield code="a">Chemisana Villegas, Daniel</subfield>
      <subfield code="e">author</subfield>
   </datafield>
   <datafield ind2=" " ind1=" " tag="260">
      <subfield code="c">2011</subfield>
   </datafield>
   <datafield ind2=" " ind1=" " tag="520">
      <subfield code="a">For building integration, Concentrating Photovoltaic (CPV) systems can offer a host of advantages over conventional flat panel devices, the most notable being: a higher electrical conversion efficiency in the PV cells, better use of space, ease of recycling of constituent materials, and reduced use of toxic products involved in the PV cells’ production process. However, the viability of Building-Integrated Concentrating PV (BICPV) systems is dependent on their ability to offer a comparative economic advantage over flat panel photovoltaic technologies whose market prices are decreasing from day to day and which offer other advantages such as ease of replacement of structural elements.
A comparative analysis is presented of the main existing CPV systems’ suitability for use in buildings, in which the different challenges specific to integration of each system are discussed. The systems are categorized by type of concentration technology and concentration factor.</subfield>
   </datafield>
   <datafield ind2=" " ind1=" " tag="520">
      <subfield code="a">This work has been supported by Spanish Ministerio de Ciencia e Innovación (MICINN) under grant ENE2007-65410.</subfield>
   </datafield>
   <datafield tag="653" ind2=" " ind1=" ">
      <subfield code="a">Building integration</subfield>
   </datafield>
   <datafield tag="653" ind2=" " ind1=" ">
      <subfield code="a">Solar tracking</subfield>
   </datafield>
   <datafield tag="653" ind2=" " ind1=" ">
      <subfield code="a">Photovoltaics</subfield>
   </datafield>
   <datafield ind2="0" ind1="0" tag="245">
      <subfield code="a">Building Integrated Concentrating Photovoltaics: A review</subfield>
   </datafield>
</record></metadata></record></GetRecord></OAI-PMH>